| 000 | 01123nam0a22002531 4500 | ||
|---|---|---|---|
| 001 | rc\946860 | ||
| 005 | 20041129095957.1 | ||
| 035 | _a(NLR Aleph) 006118938 | ||
| 090 |
_a5439779 _c5439779 |
||
| 100 | _a20041129d1982 u |0rusy50 ca | ||
| 101 | 0 | _arus | |
| 102 | _aRU | ||
| 105 | _aa ||||||||| | ||
| 200 | 1 |
_aМетодика формирования системы знаний студентов при изучении химических дисциплин в педвузе _e[Вып. 1] _e(Метод. рекомендации) _fМоск. гос. пед. ин-т им. В.И. Ленина _g[Чернобельская Г.М. и др.] _gПод ред. Чернобельской Г.М. |
|
| 210 |
_aМ. _cМГПИ _d1982 |
||
| 215 |
_a87 с. _cил. _d19 |
||
| 320 | _aБиблиогр. в конце разделов | ||
| 701 | 1 |
_aЧернобельская _bГ. М. _gГалина Марковна |
|
| 712 | 0 | 2 |
_aМосковский пед. ин-т им. В.И.Ленина _3RU\NLR\AUTH\8816890 |
| 801 | 0 |
_aRU _bNLR _gpsbo |
|
| 801 | 1 |
_aRU _bELAR _2rusmarc |
|
| 852 |
_aNLR _j83-4/14337 |
||
| 942 | _cBOOK | ||
| 980 | _aNB | ||